Statistics for NCAA Football Teams with the Most All-Time Wins

Click here to take the quiz!

General Stats

  • This quiz has been taken 888 times
    (384 since last reset)
  • The average score is 13 of 15

Answer Stats

WInsColleg3Conference% Correct
864AlabamaSEC
98%
925MichiganBig Ten
98%
875Ohio StateBig Ten
95%
892Notre DameIndependent
94%
886TexasBig Twelve
93%
787GeorgiaSEC
92%
857HarvardIvy League
90%
861OklahomaBig Twelve
89%
890YaleIvy League
89%
837PennIvy League
86%
813USCPacific Twelve
85%
856Penn StateBig Ten
82%
809PrincetonIvy League
79%
880NebraskaBig Ten
77%
820TennesseeSEC
69%

Score Distribution

Percentile by Number Answered

Percent of People with Each Score

Your Score History

You have not taken this quiz since the last reset